[Event "Gibraltar Masters 2020"]
[Site "Caleta ENG"]
[Date "2020.01.23"]
[Round "3.124"]
[White "Winter, Kevin"]
[Black "Gagare, Shalmali"]
[Result "1/2-1/2"]
[BlackTitle "WIM"]
[WhiteElo "1714"]
[BlackElo "2099"]
[WhiteFideId "421960"]
[BlackFideId "5038650"]
[EventDate "2020.01.21"]

1. d4 Nf6 2. Bf4 d5 3. Nc3 a6 4. e3 c5 5. Nf3 Nc6 6. Ne5 e6 7. Nxc6 bxc6 8. Be2
cxd4 9. exd4 c5 10. O-O Bd6 11. Bxd6 Qxd6 12. dxc5 Qxc5 13. Bf3 Bd7 14. Qd2 O-O
15. Rfe1 Rab8 16. Rab1 Rfc8 17. Rec1 Bc6 18. Ne2 e5 19. Ng3 h6 20. h3 a5 21. b3
e4 22. Bg4 Rd8 23. c3 Nxg4 24. hxg4 Bb5 25. Qd4 Qxd4 26. cxd4 Bd3 27. Rb2 Rb4
28. Rc5 a4 29. Nf5 Kf8 30. Rc7 Bc4 1/2-1/2

[Event "Gibraltar Masters 2020"]
[Site "Caleta ENG"]
[Date "2020.01.24"]
[Round "4.7"]
[White "Peralta, Fernando"]
[Black "Le, Quang Liem"]
[Result "1/2-1/2"]
[WhiteTitle "GM"]
[BlackTitle "GM"]
[WhiteElo "2574"]
[BlackElo "2713"]
[WhiteFideId "105309"]
[BlackFideId "12401137"]
[EventDate "2020.01.21"]

1. d4 Nf6 2. c4 e6 3. Nc3 Bb4 4. e3 O-O 5. Bd3 d5 6. cxd5 exd5 7. Ne2 Re8 8. Bd2
Bd6 9. Rc1 a6 10. O-O b6 11. Nf4 Bb7 12. Qf3 c5 13. Nfxd5 Nxd5 14. Bc4 Bxh2+ 15.
Kxh2 Qc7+ 16. Qg3 Qxg3+ 17. Kxg3 Nf6 18. dxc5 Re5 19. f3 Rxc5 20. Bb3 Nbd7 21.
e4 Rac8 22. Na4 Rxc1 23. Rxc1 b5 24. Rxc8+ Bxc8 25. Nc3 Ne5 26. Bc2 h6 27. b3 g5
28. Ne2 Nc6 29. Kf2 Nd7 30. Ke3 Nde5 31. Nd4 f6 32. Nxc6 Nxc6 33. a4 Be6 34.
axb5 axb5 35. Bd3 1/2-1/2

[Event "Gibraltar Masters 2020"]
[Site "Caleta ENG"]
[Date "2020.01.24"]
[Round "4.58"]
[White "Henderson de La Fuente, Lance"]
[Black "Heinemann, Josefine"]
[Result "1-0"]
[WhiteTitle "GM"]
[BlackTitle "WGM"]
[WhiteElo "2492"]
[BlackElo "2317"]
[WhiteFideId "32096585"]
[BlackFideId "12900460"]
[EventDate "2020.01.21"]

1. d4 d5 2. c4 c6 3. Nf3 Nf6 4. e3 Bf5 5. Nc3 e6 6. Bd3 Bxd3 7. Qxd3 Be7 8. O-O
O-O 9. b3 Nbd7 10. Bb2 Qa5 11. a3 Qa6 12. Rfd1 Rfd8 13. Rac1 h6 14. h3 Rac8 15.
e4 dxe4 16. Nxe4 Nxe4 17. Qxe4 Bf6 18. Qc2 Qb6 19. g3 Qc7 20. Kg2 e5 21. h4 Re8
22. dxe5 Nxe5 23. Qf5 Re7 24. Bxe5 Bxe5 25. h5 Rce8 26. Rc2 Bf6 27. b4 Qc8 28.
Qxc8 Rxc8 29. Rcd2 g6 30. Rd7 Rce8 31. Rxe7 Rxe7 32. Rd6 Kg7 33. b5 cxb5 34.
cxb5 Rc7 35. hxg6 fxg6 36. a4 Kf7 37. b6 axb6 38. Rxb6 Bc3 39. Nh4 Bf6 40. Nf3
Bc3 41. g4 Rc4 42. Rxb7+ Kf6 43. Rb6+ Kg7 44. Kh3 Rxa4 45. Nh4 Bd4 46. Rxg6+ Kh7
47. f3 Ra1 48. Re6 Rh1+ 49. Kg3 Rg1+ 50. Kf4 Bb2 51. Re7+ Kg8 52. Kf5 Ra1 53.
Rb7 Ra5+ 54. Kg6 Rg5+ 55. Kxh6 Bc1 56. Rb8+ Kf7 57. Kh7 Bd2 58. Nf5 Rxf5 59.
gxf5 Be3 60. Rb5 Bd2 61. Rb7+ Kf6 62. Kg8 Kxf5 63. Rf7+ Kg5 64. Kf8 Kh4 65. f4
Kg4 66. f5 Bb4+ 67. Ke8 Kg5 68. Kd7 1-0

[Event "Gibraltar Masters 2020"]
[Site "Caleta ENG"]
[Date "2020.01.24"]
[Round "4.59"]
[White "Bilguun, Sumiya"]
[Black "Pranav, Anand"]
[Result "1/2-1/2"]
[WhiteTitle "IM"]
[BlackTitle "FM"]
[WhiteElo "2486"]
[BlackElo "2309"]
[WhiteFideId "4901541"]
[BlackFideId "46626786"]
[EventDate "2020.01.21"]

1. e4 e5 2. Nf3 Nc6 3. Bc4 Bc5 4. O-O Nf6 5. d3 d6 6. c3 O-O 7. a4 a6 8. Bg5 h6
9. Bh4 g5 10. Bg3 g4 11. Nfd2 Nh5 12. Kh1 Qg5 13. Qe1 Nxg3+ 14. fxg3 Kg7 15. Na3
Ba7 16. Nc2 f6 17. b4 Ne7 18. d4 Bd7 19. b5 axb5 20. axb5 Bb6 21. Rb1 Rae8 22.
Bd3 exd4 23. Nxd4 f5 24. Qd1 d5 25. exf5 Nxf5 26. Nxf5+ Bxf5 27. Nb3 Bxd3 28.
Qxd3 Re3 29. Qd2 Rxf1+ 30. Rxf1 Re4 31. Qd1 Qe5 32. Nc1 h5 33. Nd3 Qxc3 34. Nf4
Qe5 35. h3 Qg5 36. Qc1 Qe5 37. Qd1 Qg5 38. Qc1 Qe5 39. Qd1 Qg5 1/2-1/2

[Event "Gibraltar Masters 2020"]
[Site "Caleta ENG"]
[Date "2020.01.24"]
[Round "4.60"]
[White "Judkovsky, Yair"]
[Black "Gines Esteo, Pedro Antonio"]
[Result "1/2-1/2"]
[BlackTitle "IM"]
[WhiteElo "2305"]
[BlackElo "2482"]
[WhiteFideId "2804930"]
[BlackFideId "32080190"]
[EventDate "2020.01.21"]

1. e4 c6 2. d4 d5 3. Nd2 dxe4 4. Nxe4 Bf5 5. Ng3 Bg6 6. h4 h6 7. Nf3 e6 8. h5
Bh7 9. Bd3 Bxd3 10. Qxd3 Nf6 11. Bd2 c5 12. O-O-O Nc6 13. Qb3 Qc7 14. Be3 cxd4
15. Nxd4 Nxd4 16. Bxd4 a6 17. Rhe1 Be7 18. Be5 Qc6 19. f4 O-O 20. f5 Ng4 21. Bf4
e5 22. Bxe5 Bg5+ 23. Kb1 Rfe8 24. Bd4 Rad8 25. Rxe8+ Qxe8 26. Qf3 Ne3 27. Bxe3
Rxd1+ 28. Qxd1 Qxe3 29. Ne2 Qe4 30. Qf1 Qh4 31. a3 Qxh5 32. Nc3 Qg4 33. Ka2 h5
34. Qf2 Kh7 35. Qf1 h4 36. Ne2 Qc4+ 37. Kb1 Qe4 38. Ng1 Bf6 39. Nh3 b5 40. Qf2
Qe5 41. c3 Qe4+ 42. Ka1 Qg4 43. Qf1 Be5 44. Qf2 f6 45. Qf1 Qe4 46. Qf2 Bg3 47.
Qf3 Qxf3 48. gxf3 Kg8 49. Kb1 Kf7 50. Kc2 Ke7 51. Kd3 Kd6 52. Kd4 a5 53. f4 a4
54. c4 bxc4 55. Kxc4 Be1 56. Kb5 Kd5 57. Kxa4 Ke4 58. b4 Bd2 59. b5 Be3 60. Ka5
Kf3 61. b6 Kg2 62. b7 Ba7 63. Ng5 Bb8 64. Kb6 Bxf4 65. Ne6 Bb8 66. Nc7 h3 67.
Na6 h2 68. Nxb8 h1=Q 69. Nc6 Qg1+ 70. Kc7 Qh2+ 71. Kd7 g6 72. fxg6 Qh3+ 73. Kc7
Qxa3 74. b8=Q Qg3+ 75. Kc8 Qxg6 76. Qb2+ 1/2-1/2

[Event "Gibraltar Masters 2020"]
[Site "Caleta ENG"]
[Date "2020.01.24"]
[Round "4.61"]
[White "Raja, Harshit"]
[Black "Belenkaya, Dina"]
[Result "1-0"]
[WhiteTitle "IM"]
[BlackTitle "WGM"]
[WhiteElo "2482"]
[BlackElo "2304"]
[WhiteFideId "5089000"]
[BlackFideId "24142654"]
[EventDate "2020.01.21"]

1. d4 d5 2. c4 dxc4 3. e3 Nf6 4. Bxc4 a6 5. Nf3 e6 6. O-O c5 7. b3 b6 8. Ba3
cxd4 9. Bxf8 Kxf8 10. Nxd4 Qe7 11. Nd2 Bb7 12. Be2 g6 13. Nc4 Nbd7 14. Bf3 Bxf3
15. Qxf3 Kg7 16. Rfd1 e5 17. Nc6 Qc5 18. Rac1 e4 19. Qg3 Qxc6 20. Nd6 Nc5 21. b4
Nfd7 22. bxc5 bxc5 23. Nf5+ Kf8 24. Rd6 Qb5 25. Rcd1 Ra7 26. a4 Qb2 27. R6d2
Qxd2 28. Rxd2 gxf5 29. Qg5 c4 30. Qd8+ Kg7 31. Qg5+ Kf8 32. Qxf5 c3 33. Rxd7 1-0

[Event "Gibraltar Masters 2020"]
[Site "Caleta ENG"]
[Date "2020.01.24"]
[Round "4.62"]
[White "Di Berardino, Diego Rafael"]
[Black "Gomez Anadon, Daniel"]
[Result "1/2-1/2"]
[WhiteTitle "IM"]
[BlackTitle "FM"]
[WhiteElo "2478"]
[BlackElo "2276"]
[WhiteFideId "2105446"]
[BlackFideId "2218151"]
[EventDate "2020.01.21"]

1. d4 d5 2. c4 e6 3. Nf3 Nf6 4. g3 dxc4 5. Bg2 Nc6 6. O-O a6 7. e3 Rb8 8. Nfd2
e5 9. Bxc6+ bxc6 10. dxe5 Ng4 11. Nxc4 Be6 12. Nbd2 Bb4 13. Qe2 Bxd2 14. Bxd2 h5
15. f3 h4 16. fxg4 hxg3 17. b3 Rxh2 18. Qf3 Rxd2 19. Nxd2 Qxd2 20. Qxg3 Rd8 21.
Qf3 Rd5 22. Rfd1 Qc3 23. Rac1 Qxe5 24. Qf4 Qb2 25. Qxc7 Rxd1+ 26. Rxd1 Bd5 27.
Qb8+ Ke7 28. Qb4+ Ke8 29. Qb8+ Ke7 30. e4 Qe2 31. Qc7+ Ke8 32. Qc8+ Ke7 33. Qc7+
Ke8 34. Qb8+ Ke7 35. Qa7+ Ke8 36. Qa8+ Ke7 37. Qa7+ Ke8 38. Qb8+ 1/2-1/2

[Event "Gibraltar Masters 2020"]
[Site "Caleta ENG"]
[Date "2020.01.24"]
[Round "4.63"]
[White "Ranaldi, Lucas"]
[Black "Song, Raymond"]
[Result "0-1"]
[WhiteTitle "FM"]
[BlackTitle "IM"]
[WhiteElo "2296"]
[BlackElo "2478"]
[WhiteFideId "1519484"]
[BlackFideId "3203824"]
[EventDate "2020.01.21"]

1. Nf3 d5 2. d4 Nf6 3. c4 e6 4. Nc3 a6 5. cxd5 exd5 6. Bg5 Be6 7. e3 Nbd7 8. Bd3
Bd6 9. O-O c6 10. Qd2 Bg4 11. Ne1 Qc7 12. h3 Bh5 13. f4 h6 14. Bxf6 Nxf6 15. g4
Bg6 16. Bxg6 fxg6 17. Nd3 g5 18. b4 O-O-O 19. Rac1 gxf4 20. exf4 Kb8 21. a3 g5
22. Ne5 Qg7 23. Rce1 Rdf8 24. Qg2 Nd7 25. Ne2 gxf4 26. Nxf4 Nxe5 27. dxe5 Bxe5
28. Ne6 Rxf1+ 29. Qxf1 Qf6 30. Qxf6 Bxf6 31. Nc5 Rh7 32. Kg2 Re7 33. Rxe7 Bxe7
34. Kg3 a5 35. h4 b6 36. Nd3 Kc7 37. g5 hxg5 38. h5 c5 39. bxc5 bxc5 40. h6 Kd6
41. Kg4 c4 42. h7 Bf6 43. Kf5 Bh8 44. Nf2 d4 45. Kxg5 Ke5 46. Kg6 d3 47. Kf7 Kf5
48. Kg8 Bd4 49. Nh1 d2 50. Ng3+ Kg6 0-1

[Event "Gibraltar Masters 2020"]
[Site "Caleta ENG"]
[Date "2020.01.24"]
[Round "4.64"]
[White "Csiki, Endre"]
[Black "Roussel-Roozmon, Thomas"]
[Result "1/2-1/2"]
[WhiteTitle "FM"]
[BlackTitle "GM"]
[WhiteElo "2263"]
[BlackElo "2473"]
[WhiteFideId "775126"]
[BlackFideId "2603659"]
[EventDate "2020.01.21"]

1. e4 e5 2. Nf3 Nc6 3. Bb5 a6 4. Ba4 Nf6 5. O-O Be7 6. Re1 b5 7. Bb3 d6 8. c3
O-O 9. d4 Bg4 10. Be3 exd4 11. cxd4 d5 12. e5 Ne4 13. h3 Bh5 14. Nbd2 Nxd2 15.
Qxd2 Bxf3 16. Qc3 Bb4 17. Qxc6 Bxe1 18. Rxe1 Be4 19. f3 Bf5 20. Bxd5 Qh4 21. Bf2
Qg5 22. Be3 Qh4 23. Bf2 Qg5 24. Be3 Qh4 1/2-1/2

[Event "Gibraltar Masters 2020"]
[Site "Caleta ENG"]
[Date "2020.01.24"]
[Round "4.65"]
[White "Cramling, Pia"]
[Black "Sowray, Peter J"]
[Result "1-0"]
[WhiteTitle "GM"]
[BlackTitle "FM"]
[WhiteElo "2470"]
[BlackElo "2272"]
[WhiteFideId "1700030"]
[BlackFideId "400971"]
[EventDate "2020.01.21"]

1. c4 e5 2. g3 Nf6 3. Bg2 c6 4. d4 e4 5. Nc3 d5 6. a3 Bd6 7. f3 Bf5 8. Bg5 O-O
9. fxe4 dxe4 10. Bxe4 Be6 11. Bd3 h6 12. Bxf6 Qxf6 13. Ne4 Qe7 14. Nxd6 Qxd6 15.
Qd2 Nd7 16. Qf4 Qxf4 17. gxf4 b5 18. d5 Bg4 19. dxc6 bxc4 20. Bxc4 Nb6 21. Rc1
Nxc4 22. Rxc4 Rab8 23. b4 Rfc8 24. Kf2 Rb6 25. Nf3 Be6 26. Rc5 Rcxc6 27. f5 Bc8
28. Rhc1 Rxc5 29. Rxc5 Bb7 30. Ne5 Ra6 31. Rb5 Be4 32. Nd7 Kh7 33. Nc5 Bc6 34.
Nxa6 Bxb5 35. Nc5 g6 36. e4 Kg7 37. Ke3 Kf6 38. Kf4 g5+ 39. Ke3 h5 40. a4 Be8
41. b5 Ke5 42. Nd3+ Kf6 43. Nb2 Bd7 44. Nc4 Ke7 45. Ne5 Be8 46. Nf3 f6 47. Ne1
Kd6 48. Nd3 h4 49. Nf2 Bf7 50. Ng4 Ke7 51. Kd4 Bh5 52. a5 1-0

[Event "Gibraltar Masters 2020"]
[Site "Caleta ENG"]
[Date "2020.01.24"]
[Round "4.66"]
[White "Buckels, Valentin"]
[Black "Werle, Iozefina"]
[Result "0-1"]
[WhiteTitle "IM"]
[BlackTitle "WGM"]
[WhiteElo "2459"]
[BlackElo "2271"]
[WhiteFideId "12942766"]
[BlackFideId "1213261"]
[EventDate "2020.01.21"]

1. d4 Nf6 2. Nf3 e6 3. Bf4 d5 4. e3 c5 5. Nbd2 Nc6 6. c3 Be7 7. h3 cxd4 8. exd4
Ne4 9. Nxe4 dxe4 10. Nd2 f5 11. Bc4 O-O 12. Nb3 Kh8 13. h4 Bd6 14. Bg5 Qc7 15.
Be2 b6 16. d5 Ne5 17. O-O f4 18. dxe6 f3 19. gxf3 exf3 20. Nd4 Ng4 21. Bxf3 Bh2+
22. Kg2 Bg1 23. Kh3 h5 0-1

[Event "Gibraltar Masters 2020"]
[Site "Caleta ENG"]
[Date "2020.01.24"]
[Round "4.67"]
[White "Real De Azua, Ernesto"]
[Black "Gvanceladze, Anna"]
[Result "1/2-1/2"]
[WhiteTitle "IM"]
[BlackTitle "WFM"]
[WhiteElo "2456"]
[BlackElo "2270"]
[WhiteFideId "108154"]
[BlackFideId "4113721"]
[EventDate "2020.01.21"]

1. d4 d5 2. c4 c6 3. Nc3 Nf6 4. Nf3 dxc4 5. a4 a5 6. e3 Bg4 7. Bxc4 e6 8. h3 Bh5
9. O-O Bb4 10. Qe2 O-O 11. Rd1 Nbd7 12. e4 Re8 13. Bf4 Qb6 14. g4 Bg6 15. Bd3
Rad8 16. Rac1 Nf8 17. Qc2 N6d7 18. Be3 Qc7 19. Nd2 Qb8 20. Nc4 f6 21. f4 e5 22.
dxe5 fxe5 23. f5 Bf7 24. Bf1 Nf6 25. Na2 Be7 26. Nc3 Bb4 27. Na2 Be7 28. Nc3 Bb4 1/2-1/2

[Event "Gibraltar Masters 2020"]
[Site "Caleta ENG"]
[Date "2020.01.24"]
[Round "4.68"]
[White "Paveto, Kevin"]
[Black "Plotkin, Victor"]
[Result "0-1"]
[WhiteTitle "IM"]
[BlackTitle "FM"]
[WhiteElo "2452"]
[BlackElo "2267"]
[WhiteFideId "173444"]
[BlackFideId "2606674"]
[EventDate "2020.01.21"]

1. e4 e5 2. Nf3 Nf6 3. Nxe5 d6 4. Nf3 Nxe4 5. d3 Nf6 6. d4 Bg4 7. Nbd2 Nbd7 8.
Be2 d5 9. Nf1 h6 10. Ne3 Be6 11. O-O Bd6 12. c4 c6 13. b3 O-O 14. Bb2 Ng4 15.
Qd3 Nxe3 16. fxe3 Re8 17. Rae1 g6 18. Ne5 Nxe5 19. dxe5 Bb4 20. Rd1 dxc4 21. Qe4
Bd5 22. Rxd5 Qxd5 23. Qh4 b5 24. Rd1 Qc5 25. Bd4 Qe7 26. Qxh6 c5 27. Bb2 c3 28.
Bxb5 Qf8 29. Qxf8+ Rxf8 30. Bc1 Rad8 31. Bd7 Rfe8 32. Kf2 Rxe5 33. Ke2 Kf8 34.
Rd3 Ke7 35. Bb5 Rxd3 36. Bxd3 f5 37. Kf3 Rd5 38. Ke2 Kf6 39. e4 fxe4 40. Bxe4
Rd6 41. Bd3 Re6+ 42. Kd1 Ba5 43. h4 Bc7 44. g4 Bg3 45. Bg5+ Kg7 46. h5 gxh5 47.
gxh5 Re1+ 48. Kc2 Be5 49. h6+ Kh8 50. a4 Rg1 51. Bc1 Rg2+ 52. Kb1 c2+ 0-1

[Event "Gibraltar Masters 2020"]
[Site "Caleta ENG"]
[Date "2020.01.24"]
[Round "4.69"]
[White "Cholleti, Sahajasri"]
[Black "Bulmaga, Irina"]
[Result "0-1"]
[WhiteTitle "WFM"]
[BlackTitle "IM"]
[WhiteElo "2202"]
[BlackElo "2446"]
[WhiteFideId "5045118"]
[BlackFideId "13903063"]
[EventDate "2020.01.21"]

1. Nf3 Nf6 2. c4 b6 3. g3 Bb7 4. Bg2 e6 5. Nc3 Be7 6. O-O O-O 7. b3 d5 8. e3
dxc4 9. bxc4 c5 10. Bb2 Nc6 11. Ne1 Qd7 12. Qe2 Rab8 13. f4 a6 14. g4 Rfd8 15.
d3 b5 16. g5 Ne8 17. cxb5 axb5 18. Rd1 b4 19. Ne4 c4 20. Rf3 c3 21. Ba1 Ra8 22.
Rh3 g6 23. Qf2 e5 24. Qh4 h5 25. Bf3 Nd4 26. exd4 Qxd4+ 27. Qf2 Bxe4 28. Qxd4
exd4 29. Bxe4 Rxa2 30. Rf3 b3 31. Rf2 c2 32. Nxc2 bxc2 33. Rc1 Rc8 0-1

[Event "Gibraltar Masters 2020"]
[Site "Caleta ENG"]
[Date "2020.01.24"]
[Round "4.70"]
[White "Krishna, C R G"]
[Black "Priyanka, Nutakki"]
[Result "1/2-1/2"]
[WhiteTitle "IM"]
[BlackTitle "WIM"]
[WhiteElo "2436"]
[BlackElo "2242"]
[WhiteFideId "5018625"]
[BlackFideId "25049615"]
[EventDate "2020.01.21"]

1. Nf3 d5 2. e3 Nf6 3. c4 e6 4. b3 b6 5. Bb2 Bb7 6. Nc3 Nbd7 7. d4 Bd6 8. cxd5
exd5 9. Bd3 O-O 10. O-O c5 11. Ne2 Ne4 12. Ng3 Re8 13. dxc5 Ndxc5 14. Bb5 Re6
15. b4 Na6 16. Nf5 Bf8 17. a3 Nc7 18. Be2 Ne8 19. Rc1 N8d6 20. N5d4 Rh6 21. Nc6
Bxc6 22. Rxc6 Nc4 23. Bxc4 Rxc6 24. Qxd5 Rxc4 25. Qxc4 Qe8 26. Rc1 Rd8 27. h3 a5
28. Bd4 axb4 29. axb4 b5 30. Qb3 Rc8 31. Rxc8 Qxc8 32. Ne5 Qc1+ 33. Kh2 Qc7 34.
f4 Qb7 35. Qc2 Nf6 36. Bc5 Qc7 37. Qa2 Bxc5 38. bxc5 Qxc5 39. Qxf7+ Kh8 40. Qe6
h6 41. Nf7+ Kh7 42. e4 Qd4 43. Nd6 b4 44. Qf5+ Kg8 45. Qc8+ Kh7 46. Qf5+ Kg8 47.
e5 Nd5 48. Qc8+ Kh7 49. Qf5+ Kg8 50. Qf7+ Kh7 51. Qxg7+ Kxg7 52. Nf5+ Kg6 53.
Nxd4 Nxf4 54. Kg3 Nd3 55. e6 Nc5 56. e7 Kf7 57. Kg4 Nd3 58. Kf5 Kxe7 59. Kg6
Nf4+ 60. Kxh6 Nxg2 61. Nc6+ 1/2-1/2

[Event "Gibraltar Masters 2020"]
[Site "Caleta ENG"]
[Date "2020.01.24"]
[Round "4.71"]
[White "Astaneh Lopez, Alex"]
[Black "Janzelj, Lara"]
[Result "1-0"]
[WhiteTitle "IM"]
[BlackTitle "WIM"]
[WhiteElo "2432"]
[BlackElo "2195"]
[WhiteFideId "2501430"]
[BlackFideId "14608391"]
[EventDate "2020.01.21"]

1. c4 e6 2. Nf3 d5 3. e3 Nf6 4. b3 Be7 5. Bb2 O-O 6. Be2 b6 7. Nc3 Bb7 8. O-O c5
9. Re1 Nc6 10. cxd5 Nxd5 11. Ne4 Nf6 12. Ng3 Qc7 13. a3 Rfd8 14. Qc2 Rac8 15.
Rac1 a6 16. Ng5 Ne5 17. f4 Ng6 18. h4 Nf8 19. Bf3 Bxf3 20. Nxf3 Qd7 21. Bc3 Nd5
22. Ne4 Nxc3 23. dxc3 c4 24. b4 Qb5 25. g3 Qh5 26. Kg2 Rd5 27. Nf2 Rcd8 28. Qe2
b5 29. g4 Qg6 30. e4 R5d6 31. h5 Qh6 32. g5 Bxg5 33. Nxg5 Rd2 34. Qg4 f5 35.
exf5 exf5 36. Qf3 Qb6 37. Re2 h6 38. Ngh3 Ne6 39. Rce1 1-0

[Event "Gibraltar Masters 2020"]
[Site "Caleta ENG"]
[Date "2020.01.24"]
[Round "4.72"]
[White "Enkhtuul, Altan-Ulzii"]
[Black "Low, Zhen Yu Cyrus"]
[Result "1/2-1/2"]
[WhiteTitle "WGM"]
[BlackTitle "IM"]
[WhiteElo "2200"]
[BlackElo "2415"]
[WhiteFideId "4901444"]
[BlackFideId "5804175"]
[EventDate "2020.01.21"]

1. d4 Nf6 2. Nf3 d5 3. g3 g6 4. Bg2 Bg7 5. O-O O-O 6. c4 dxc4 7. Na3 c3 8. bxc3
c5 9. Bb2 Nc6 10. Nc4 Be6 11. Nce5 Bd5 12. c4 Bxf3 13. Bxf3 Nxe5 14. dxe5 Nd7
15. e6 Bxb2 16. Rb1 Ne5 17. Rxb2 Nxf3+ 18. exf3 b6 19. Rd2 Qe8 20. Re1 Rd8 21.
f4 fxe6 22. Rxe6 Rxd2 23. Qxd2 Rf6 24. Re5 Kf8 25. Rd5 Qc6 26. f5 Rd6 27. Qh6+
Kg8 28. fxg6 hxg6 29. Rxd6 Qxd6 30. h4 a6 31. a4 Kf7 32. Qh7+ Kf6 33. Qh8+ Kf7
34. Qh7+ Kf6 35. Qh8+ Kf5 36. Qc8+ Ke5 37. Qxa6 Kd4 38. Qb5 Kc3 39. Kg2 e5 40.
f3 Kc2 41. Kh3 Qe6+ 42. Kh2 Qd6 43. Kh3 Kc3 44. Kh2 Qd2+ 1/2-1/2

[Event "Gibraltar Masters 2020"]
[Site "Caleta ENG"]
[Date "2020.01.24"]
[Round "4.73"]
[White "Dolzhikova, Olga"]
[Black "Haug, Johannes"]
[Result "0-1"]
[WhiteTitle "WGM"]
[BlackTitle "IM"]
[WhiteElo "2123"]
[BlackElo "2407"]
[WhiteFideId "14105870"]
[BlackFideId "1509268"]
[EventDate "2020.01.21"]

1. e4 c6 2. Nc3 d5 3. Nf3 Nf6 4. e5 Ne4 5. Ne2 Qb6 6. d4 e6 7. Nfg1 f6 8. f3 Ng5
9. exf6 gxf6 10. f4 Nf7 11. Nf3 e5 12. fxe5 fxe5 13. Ng3 Be6 14. Be2 Nd7 15. Ng5
Nxg5 16. Bxg5 Be7 17. Bh5+ Kd8 18. Qd2 Qxb2 19. Bxe7+ Kxe7 20. Qg5+ Kd6 21.
dxe5+ Qxe5+ 22. Qxe5+ Nxe5 23. O-O-O Bg4 24. Rde1 Bxh5 25. Nxh5 Rhf8 26. Rhf1
Ng4 27. h3 Nf2 28. Ng3 Rf7 29. Re2 Rg8 30. Rexf2 Rxf2 31. Rxf2 Rxg3 32. Rf7 b5
33. Rxa7 Rxg2 34. Rxh7 Kc5 35. Rh5 Rg3 36. Rh6 b4 37. h4 Rh3 38. h5 d4 39. Kb2
Kd5 40. Rh8 Kc4 41. h6 c5 42. Rh7 Rh2 43. Rd7 Rxh6 44. Rg7 Rh3 45. Rg4 Kb5 46.
Rg5 Rh2 47. Kb3 Re2 48. Rh5 Re3+ 49. Kb2 Kc4 50. Rh4 Re2 51. Rg4 Kb5 52. Kb1
Re1+ 53. Kb2 c4 54. a4+ Kxa4 55. Rxd4 c3+ 56. Ka2 Re2 57. Kb1 Ka3 58. Rd1 b3 59.
Rc1 Rf2 60. Ka1 0-1

[Event "Gibraltar Masters 2020"]
[Site "Caleta ENG"]
[Date "2020.01.24"]
[Round "4.74"]
[White "Advait, Bagri"]
[Black "Percivaldi, Martin"]
[Result "1/2-1/2"]
[WhiteTitle "CM"]
[BlackTitle "IM"]
[WhiteElo "2105"]
[BlackElo "2403"]
[WhiteFideId "5820391"]
[BlackFideId "1508148"]
[EventDate "2020.01.21"]

1. e4 e6 2. d4 d5 3. Nd2 c5 4. Ngf3 cxd4 5. exd5 Qxd5 6. Bc4 Qd8 7. O-O a6 8.
Nb3 Nc6 9. Nbxd4 Nxd4 10. Nxd4 Qc7 11. Qe2 Bd6 12. h3 Ne7 13. Rd1 O-O 14. a4 Ng6
15. Nf3 b6 16. Bd3 Bb7 17. Be4 Rad8 18. Bg5 Be7 19. Bxe7 Qxe7 20. Bxb7 Qxb7 21.
Ne5 Nf4 22. Qf3 Qxf3 23. Nxf3 f6 24. Kf1 Kf7 25. h4 e5 26. g3 Ne6 27. c3 Ke7 28.
Ke2 Rxd1 29. Rxd1 Nc5 30. b3 Nxb3 31. Rb1 Nc5 32. Rxb6 Nxa4 33. Rb7+ Ke6 34.
Rxg7 Nxc3+ 35. Kd2 Ne4+ 36. Ke3 Nd6 37. Rxh7 Ra8 38. Rc7 a5 39. Nd2 a4 40. Rc1
Nf5+ 41. Kd3 Nd4 42. Ra1 Ra7 43. Ra2 Kf5 44. Kc4 Kg4 45. Kb4 a3 46. Nc4 Kf3 47.
Rxa3+ Rxa3 48. Kxa3 Kxf2 49. g4 Ne6 50. g5 fxg5 51. hxg5 e4 52. g6 e3 53. Nxe3 1/2-1/2

[Event "Gibraltar Masters 2020"]
[Site "Caleta ENG"]
[Date "2020.01.24"]
[Round "4.75"]
[White "Hamer, Martyn"]
[Black "Houska, Jovanka"]
[Result "0-1"]
[BlackTitle "IM"]
[WhiteElo "2069"]
[BlackElo "2401"]
[WhiteFideId "413160"]
[BlackFideId "405094"]
[EventDate "2020.01.21"]

1. d4 d5 2. Nc3 Nf6 3. Bf4 e6 4. Nb5 Na6 5. a3 Be7 6. e3 O-O 7. Nf3 Bd7 8. Ne5
Be8 9. Nc3 c5 10. Bxa6 bxa6 11. O-O a5 12. Qe2 Qb6 13. Qd2 Nh5 14. Bg3 Nxg3 15.
hxg3 Rc8 16. Rab1 f6 17. Nf3 Rf7 18. g4 h6 19. Ne2 Bf8 20. Nf4 Rfc7 21. c3 Bf7
22. g3 Qd6 23. Rbd1 Rb7 24. Qc1 cxd4 25. exd4 e5 26. Ng2 e4 27. Nfh4 Be6 28. Ne3
Qd7 29. Nef5 h5 30. Ng6 Bxf5 31. Nxf8 Kxf8 32. gxf5 Qxf5 33. Rfe1 h4 34. Re3 Kf7
35. gxh4 Qg4+ 36. Rg3 Qxh4 37. Kf1 Qh5 38. Re1 a4 39. Re2 Qf5 40. Rc2 Rb3 41.
Rg1 Qh3+ 42. Ke1 Qf3 43. Re2 Rcb8 44. c4 Rc8 45. c5 Rd3 46. c6 Rc7 47. Qc5 e3
48. Rf1 Qe4 49. Qd6 Rd1+ 0-1

[Event "Gibraltar Masters 2020"]
[Site "Caleta ENG"]
[Date "2020.01.24"]
[Round "4.76"]
[White "Sankalp, Gupta"]
[Black "Zhou, Guijue"]
[Result "1-0"]
[WhiteTitle "IM"]
[BlackTitle "WIM"]
[WhiteElo "2400"]
[BlackElo "2193"]
[WhiteFideId "5097010"]
[BlackFideId "8602905"]
[EventDate "2020.01.21"]

1. e4 e5 2. Nf3 Nf6 3. Nxe5 d6 4. Nf3 Nxe4 5. d4 d5 6. Bd3 Nc6 7. O-O Be7 8. Nc3
Nxc3 9. bxc3 O-O 10. Rb1 Rb8 11. h3 Be6 12. Re1 a6 13. Bf4 Bd6 14. Bxd6 cxd6 15.
Qc1 h6 16. Qf4 Na5 17. Nh2 Rc8 18. Ng4 Bxg4 19. hxg4 Qf6 20. Qxf6 gxf6 21. Re3
Kg7 22. Rh3 Rxc3 23. Rh5 Ra3 24. Rxd5 Rd8 25. Rb6 Rxa2 26. Rdxd6 Rxd6 27. Rxd6
Nc6 28. Rd7 Ra4 29. c3 Ra1+ 30. Kh2 Rc1 31. Bc4 Rxc3 32. Bxf7 a5 33. Be6+ Kf8
34. d5 Ne5 35. Rxb7 a4 36. f4 Nd3 37. d6 Nxf4 38. Rb8+ Kg7 39. Bf5 1-0

[Event "Gibraltar Masters 2020"]
[Site "Caleta ENG"]
[Date "2020.01.24"]
[Round "4.77"]
[White "Vocaturo, Daniele"]
[Black "Vedder, Richard"]
[Result "1-0"]
[WhiteTitle "GM"]
[BlackTitle "FM"]
[WhiteElo "2622"]
[BlackElo "2263"]
[WhiteFideId "813192"]
[BlackFideId "1004166"]
[EventDate "2020.01.21"]

1. d4 d5 2. c4 dxc4 3. e4 Nc6 4. Nf3 Bg4 5. Be3 e6 6. Nc3 Qf6 7. e5 Bxf3 8. gxf3
Qf5 9. Qa4 O-O-O 10. O-O-O Bb4 11. Rg1 Bxc3 12. bxc3 Nge7 13. Rxg7 Nd5 14. Qc2
Nxe3 15. fxe3 Qxf3 16. Qe2 Qf5 17. Rg3 h5 18. Qf3 Ne7 19. Bxc4 Rhg8 20. Rf1 Rxg3
21. Qxg3 Qh7 22. Qf3 Nf5 23. e4 Qh6+ 24. Qf4 Qxf4+ 25. Rxf4 Nxd4 26. cxd4 Rxd4
27. Be2 1-0